PRINICPLES OF COMMUNICATION SYSTEMS (Record no. 818193)

MARC details
000 -LEADER
fixed length control field 00420pam a2200169a 44500
008 - FIXED-LENGTH DATA ELEMENTS--GENERAL INFORMATION
fixed length control field 230405s2003 xxu||||| |||| 00| 0 eng d
041 ## - LANGUAGE CODE
Language code of text/sound track or separate title ENG
100 ## - MAIN ENTRY--PERSONAL NAME
Personal name TAUB HERBERT
245 ## - TITLE STATEMENT
Title PRINICPLES OF COMMUNICATION SYSTEMS
Remainder of title 10/29/2003
250 ## - EDITION STATEMENT
Edition statement 2003
260 ## - PUBLICATION, DISTRIBUTION, ETC.
Place of publication, distribution, etc. NEW DELHI
Name of publisher, distributor, etc. TATA MCGRAW HILL PUB
Date of publication, distribution, etc. 2003
300 ## - PHYSICAL DESCRIPTION
Extent P.B,759
650 ## - SUBJECT ADDED ENTRY--TOPICAL TERM
Topical term or geographic name entry element E&TC
690 ## - LOCAL SUBJECT ADDED ENTRY--TOPICAL TERM (OCLC, RLIN)
Topical term or geographic name as entry element E&TC
700 ## - ADDED ENTRY--PERSONAL NAME
Personal name SCHILLING DONALD.L
906 ## - LOCAL DATA ELEMENT F, LDF (RLIN)
a 3998
Holdings
Withdrawn status Lost status Damaged status Not for loan Collection Home library Current library Date acquired Source of acquisition Cost, normal purchase price Total Checkouts Full call number Barcode Date last seen Price effective from Koha item type
          College of Engineering, Kolhapur College of Engineering, Kolhapur 16/08/2023 MEHTA BOOK SALES PUNE 230.00   621.382/TAN ECK-SW-155 16/08/2023 16/08/2023 Book
          College of Engineering, Kolhapur College of Engineering, Kolhapur 16/08/2023 MEHTA BOOK SALES PUNE 230.00   621.382/TAN ECK-SW-154 16/08/2023 16/08/2023 Book
          College of Engineering, Kolhapur College of Engineering, Kolhapur 16/08/2023 MEHTA BOOK SALES PUNE 230.00   621.382/TAN ECK-SW-153 16/08/2023 16/08/2023 Book
          College of Engineering, Kolhapur College of Engineering, Kolhapur 16/08/2023 MEHTA BOOK SALES PUNE 230.00   621.382/TAN ECK-SW-152 16/08/2023 16/08/2023 Book